Deutsche Autos - Statistiken

Allgemein
  • Dieses Quiz wurde 1.563 mal gespielt
  • Das Durchschnittsergebnis liegt bei 6 aus 6
Antworten auf der Karte
Die Antworten werden auf der Karte rot bzw. grün angezeigt, abhängig davon wie oft sie richtig erraten wurden.
 
Antwortstatistiken
Antwort % Korrekt
Audi
99%
Mercedes-Benz
98%
Porsche
94%
BMW
93%
Volkswagen
90%
Opel
84%
Keine übereinstimmenden Quizze gefunden
Verteilung der Resultate
Anzahl Personen mit jedem Resultat
Perzentil nach korrekt beantworteten Fragen
Ihre Resultats-Entwicklung
Sie haben dieses Quiz noch nicht gespielt